<?xml version="1.0" encoding="UTF-8"?>
<collection xmlns="http://www.loc.gov/MARC21/slim">
<record>
  <controlfield tag="001">113501</controlfield>
  <controlfield tag="005">20221214051818.0</controlfield>
  <datafield tag="751" ind1=" " ind2="7">
    <subfield code="2">DE-HGF</subfield>
    <subfield code="a">IGN_4_RWTH</subfield>
  </datafield>
  <datafield tag="909" ind1="C" ind2="O">
    <subfield code="o">oai:juser.fz-juelich.de:828075</subfield>
    <subfield code="p">ResearchInstitutes</subfield>
    <subfield code="p">authority:INSTITUTION</subfield>
    <subfield code="p">authority:INSTITUTE</subfield>
    <subfield code="p">authority</subfield>
  </datafield>
  <datafield tag="670" ind1=" " ind2=" ">
    <subfield code="a">Homepage</subfield>
    <subfield code="u">http://www.uni-wh.de</subfield>
  </datafield>
  <datafield tag="750" ind1=" " ind2="7">
    <subfield code="a">Excluded Record for Update</subfield>
    <subfield code="0">V:(DE-HGF)23</subfield>
    <subfield code="2">HGFVOC</subfield>
    <subfield code="d">2019-08-29</subfield>
  </datafield>
  <datafield tag="750" ind1=" " ind2="7">
    <subfield code="a">Research institute</subfield>
    <subfield code="0">V:(DE-HGF)15</subfield>
    <subfield code="2">V:(DE-HGF)</subfield>
  </datafield>
  <datafield tag="980" ind1=" " ind2=" ">
    <subfield code="a">I</subfield>
  </datafield>
  <datafield tag="980" ind1=" " ind2=" ">
    <subfield code="a">Institution</subfield>
  </datafield>
  <datafield tag="980" ind1=" " ind2=" ">
    <subfield code="a">AUTHORITY</subfield>
  </datafield>
  <datafield tag="551" ind1=" " ind2=" ">
    <subfield code="0">(DE-588)4024469-6</subfield>
    <subfield code="a">Herdecke</subfield>
    <subfield code="i">Ort</subfield>
    <subfield code="w">r</subfield>
  </datafield>
  <datafield tag="551" ind1=" " ind2=" ">
    <subfield code="0">(DE-588)4066638-4</subfield>
    <subfield code="a">Witten</subfield>
    <subfield code="i">Ort</subfield>
    <subfield code="w">r</subfield>
  </datafield>
  <datafield tag="024" ind1="7" ind2=" ">
    <subfield code="2">GND</subfield>
    <subfield code="a">I:(DE-588b)511081-6</subfield>
  </datafield>
  <datafield tag="410" ind1="1" ind2=" ">
    <subfield code="a">Witten-Herdecke University</subfield>
    <subfield code="i">eng</subfield>
    <subfield code="w">r</subfield>
  </datafield>
  <datafield tag="410" ind1="1" ind2=" ">
    <subfield code="a">UWH</subfield>
    <subfield code="w">d</subfield>
  </datafield>
  <datafield tag="410" ind1="1" ind2=" ">
    <subfield code="a">Universität Witten-Herdecke</subfield>
    <subfield code="i">ger</subfield>
    <subfield code="w">r</subfield>
  </datafield>
  <datafield tag="110" ind1="1" ind2=" ">
    <subfield code="a">Universität Witten-Herdecke</subfield>
  </datafield>
  <datafield tag="548" ind1=" " ind2=" ">
    <subfield code="a">1983 -</subfield>
    <subfield code="i">Zeitraum</subfield>
    <subfield code="w">r</subfield>
  </datafield>
  <datafield tag="035" ind1=" " ind2=" ">
    <subfield code="a">I:(DE-588b)511081-6</subfield>
  </datafield>
  <datafield tag="909" ind1="C" ind2="O">
    <subfield code="o">oai:juser.fz-juelich.de:828075</subfield>
  </datafield>
</record>
</collection>